000
00421nam a22001097a 4500
082
_a
320
100
_a
सुब्रह्मण्यम शंकर
_9
83887
245
_a
परिवर्तनशील विश्व में भारत की रणनीति
260
_a
नई दिल्ली
_b
प्रभात प्रकाशन
_c
2023
650
_a
राजनीति
942
_c
HIN
999
_c
68891
_d
68891